000 01423cam a2200145 4500500
005 20260329041356.0
041 _afre
042 _adc
100 1 0 _aLe Bris, Raymond-François
_eauthor
700 1 0 _aSchifres, Michel
_eauthor
245 0 0 _aL'État, quand même
260 _bOdile Jacob,
_c2005.
520 _aComment pallier les insuffisances de l'État ? Quelles voies choisir pour les surmonter ? Quel projet présenter aux agents publics pour qu'ils adhèrent à l'ambition d'une administration plus soucieuse du citoyen, plus efficace, plus transparente ? Comment mieux tirer parti des initiatives qui réussissent ? À la lumière de sa longue expérience et des combats qu'il a menés, Raymond-François Le Bris livre son regard sur cet État qui, malgré les critiques, doit rester le garant de notre unité, de notre sécurité, de notre cohésion, de nos valeurs partagées. La réforme de l'État est nécessaire. Elle est attendue. Elle est possible ! Préfet honoraire, agrégé des facultés de droit et de sciences économiques, Raymond-François Le Bris a notamment été directeur général de la chambre de Commerce et de l'Industrie de Paris et directeur de l'École nationale d'administration. Michel Schifres est journaliste. Il est vice-président du comité éditorial du Figaro.
856 4 1 _uhttps://shs.cairn.info/l-etat-quand-meme--9782738115768?lang=fr&redirect-ssocas=7080
999 _c1978853
_d1978853